Finansy promyšlennosti : učebnik dlja studentov vuzov, obučajuščichsja po special´nosti "Planirovanije promyšlennosti" /
Uložené v:
| Hlavný autor: | |
|---|---|
| Médium: | Kniha |
| Jazyk: | Russian |
| Vydané: |
Moskva :
Finansy,
1971.
|
| Fyzický popis: |
318 strán. |
| Tagy: |
Pridať tag
Žiadne tagy, Buďte prvý kto otaguje tento záznam!
|
Titul je dostupný aj v ... 

MARC
| LEADER | 00000nam a22000002i 4500 | ||
|---|---|---|---|
| 001 | 000662913 | ||
| 005 | 20210503095319.0 | ||
| 008 | 210428s1971 ru e 000 0 rus d | ||
| 020 | |c Kčs 12,50 |q (viazané) | ||
| 040 | |a SVKKK |b slo |c SVKKK |e rda | ||
| 100 | 1 | |a Syčev, Nikolaj Grigor´jevič |4 aut | |
| 245 | 1 | 0 | |a Finansy promyšlennosti : |b učebnik dlja studentov vuzov, obučajuščichsja po special´nosti "Planirovanije promyšlennosti" / |c Nikolaj Grigor´jevič Syčev. |
| 264 | 1 | |a Moskva : |b Finansy, |c 1971. | |
| 300 | |a 318 strán. | ||
| 336 | |a text |b txt |2 rdacontent | ||
| 337 | |a bez média |b n |2 rdamedia | ||
| 338 | |a zväzok |b nc |2 rdacarrier | ||
| 500 | |a Záznam revízie | ||
| 910 | |a svkkk | ||
| 998 | |a BK | ||
| 090 | |g SCKHL |k Sklad Pribinova 2. posch. |a III.102354 |j 477214 |i 2720782092 |4 Zastaraná |s Vyradená | ||
| 090 | |g SCKHL |k Sklad Pribinova 2. posch. |a III.102962 |j 481342 |i 2720785495 |4 Zastaraná |s Vyradená | ||